Applied mathematics for electronics (Record no. 16779)

000 -LEADER
fixed length control field 00448nam a2200157 4500
040 ## - CATALOGING SOURCE
Transcribing agency DLC
082 00 - DEWEY DECIMAL CLASSIFICATION NUMBER
Classification number 621 ENG 1968 A106 Or.
100 1# - MAIN ENTRY--AUTHOR NAME
Personal name Westlake, John H.
245 10 - TITLE STATEMENT
Title Applied mathematics for electronics
260 ## - PUBLICATION, DISTRIBUTION, ETC. (IMPRINT)
Place of publication Englewood Cliffs, N.J.,
Name of publisher Prentice-Hall
Year of publication [1968]
300 ## - PHYSICAL DESCRIPTION
Number of Pages xv, 608 p.
Other physical details illus.
Dimensions 24 cm.
490 0# - SERIES STATEMENT
Series statement Prentice-Hall series in technical mathematics
650 #0 - SUBJECT ADDED ENTRY--TOPICAL TERM
Topical Term Electronics
700 1# - ADDED ENTRY--PERSONAL NAME
Personal name Noden, Gordon E.,
942 ## - ADDED ENTRY ELEMENTS (KOHA)
Koha item type សៀវភៅភាសាអង់គ្លេស
952 ## - LOCATION AND ITEM INFORMATION (KOHA)
Withdrawn status [LOCAL, KOHA] 0
Holdings
Permanent Location Date acquired Koha item type Lost status Shelving location Barcode Current Location Full call number
Library Block A2018-04-25សៀវភៅភាសាអង់គ្លេស A109A14204Library Block A621 ENG 1968 A109 Or.
មជ្ឈមណ្ឌលឯការនៃសាកលវិទ្យាល័យភូមិន្ទកសិកម្មចំការដូង

Powered by Koha